Catálogo público

Hanbook of Cane Sugar Engineering / (Record no. 173289)

MARC details
000 -CABECERA
campo de control de longitud fija 00736nam a2200265Ia 4500
001 - NÚMERO DE CONTROL
campo de control dia_2788
003 - IDENTIFICADOR DEL NÚMERO DE CONTROL
campo de control CHAP
005 - FECHA Y HORA DE LA ÚLTIMA TRANSACCIÓN
campo de control 20251023162340.0
008 - DATOS DE LONGITUD FIJA--INFORMACIÓN GENERAL
campo de control de longitud fija 220117s1986 xx 000 0 und d
010 ## - NÚMERO DE CONTROL DE LA BIBLIOTECA DEL CONGRESO
Número de control de LC 173289
040 ## - FUENTE DE LA CATALOGACIÓN
Centro/agencia transcriptor CHAP
082 ## - NÚMERO DE LA CLASIFICACIÓN DECIMAL DEWEY
Número de clasificación 664.1 H83 1986
100 ## - ENTRADA PRINCIPAL--NOMBRE DE PERSONA
Nombre de persona Hugot, E.
9 (RLIN) 56814
245 ## - MENCIÓN DE TÍTULO
Título Hanbook of Cane Sugar Engineering /
Mención de responsabilidad, etc. by T. Hugot
250 ## - MENCIÓN DE EDICIÓN
Mención de edición 3 ed.
260 ## - PUBLICACIÓN, DISTRIBUCIÓN, ETC.
Lugar de publicación, distribución, etc. Amsterdan :
Nombre del editor, distribuidor, etc. Elsevier,
Fecha de publicación, distribución, etc. 1986
300 ## - DESCRIPCIÓN FÍSICA
Extensión 1166P.
400 ## - MENCIÓN DE SERIE/PUNTO DE ACCESO ADICIONAL--NOMBRE DE PERSONA [OBSOLETO, CAN/MARC], [LOCAL, USA]
Nombre de persona SUGAR SERIES, 7
500 ## - NOTA GENERAL
Nota general I. 168576
600 ## - PUNTO DE ACCESO ADICIONAL DE MATERIA--NOMBRE DE PERSONA
Nombre de persona Azúcar - fabricación y refinación 2. Industria azucarera
9 (RLIN) 153506
901 ## - ELEMENTOS DE DATOS A LOCAL LDA (RLIN)
a 664.1 H83 1986
902 ## - ELEMENTOS DE DATOS B LOCAL, LDB (RLIN)
a M
905 ## - ELEMENTOS DE DATOS E LOCAL, LDE (RLIN)
a 0000001986 AMSA 0000000000ING00
942 ## - ELEMENTOS DE PUNTO DE ACCESO ADICIONAL (KOHA)
Tipo de ítem Koha Libro
Fuente del sistema de clasificación o colocación Dewey Decimal Classification
Holdings
Estado de retiro Estado de pérdida Fuente del sistema de clasificación o colocación Estado dañado Restricciones de uso No para préstamo Código de colección Localización permanente Ubicación/localización actual Fecha de adquisición Fuente de adquisición Información codificada de la localización en otra ubicación Coste, precio normal de compra Número de inventario Total de préstamos Signatura topográfica completa Código de barras Fecha visto por última vez Número de copia Tipo de ítem Koha
    Dewey Decimal Classification   Préstamo interno   General Ingenieria Agroindustrial Ingenieria Agroindustrial 28/07/1993 Compra Librería patena F. 165 / (28/07/93) 1 1955.00 168176   664.1 H83 1986 dia_3803 18/01/2022 1 Libro